000
00251nam a22001097a 4500
082
_a
620.3FRA
100
_a
Francis S Tse
245
_a
Measurement mechanical vibrations theory and application
260
_a
London
_c
1979
300
_a
449
942
_c
BK
999
_c
12343
_d
12343